| Поле | Инд. | ПП | Название | Значение |
|---|---|---|---|---|
| Тип записи | a | |||
| Библиографический уровень | m | |||
| 001 | Контрольный номер | RU/IS/BASE/433252570 | ||
| 005 | Дата корректировки | 20151230144819.1 | ||
| 008 | Кодируемые данные | 061218 | ||
| 040 | a | Служба первич. каталог. | НБ ТвГУ | |
| 041 | 0_ | a | Код языка текста | rus |
| 080 | a | Индекс УДК | 5 | |
| 080 | a | Индекс УДК | 59 | |
| 084 | a | Индекс другой классификации/Индекс ББК | Б | |
| 084 | a | Индекс другой классификации/Индекс ББК | Е6 | |
| 090 | a | Полочн. индекс | 5 | |
| x | Авторский знак | Б 99 | ||
| 100 | 1_ | a | Автор | Бюффон Жорж Луи Леклерк де |
| c | Титул (звания) | граф | ||
| d | Дата | 1707-1788 | ||
| q | Полное имя | Бюффон Ж. Л. Л. | ||
| 245 | 00 | a | Заглавие | Всеобщая и частная естественная история графа де Бюффона. |
| n | Номер части/ раздела | Ч. 10 | ||
| c | Ответственность | преложенна с французскаго языка на российской академиком Иваном Лепехиным. ; издана экстраординарным академиком и кавалером А. Севастьяновым. | ||
| 246 | _0 | a | Другая форма заглавия | Естественная история |
| 250 | a | Основные сведения об издании | Первым тиснением | |
| 260 | 0_ | a | Место издания | В Санктпетербурге |
| c | Дата издания | 1808 | ||
| b | Издательство | иждивением Императорской Академии наук | ||
| 300 | a | Объем | [3], XVII, [1], 271, [1] с., 33 л. ил. | |
| c | Размеры | 4°(25х21 см) | ||
| 500 | a | Примечание | Изд. в 10 ч., вых. в 1789-1808 гг. | |
| 653 | 0_ | a | Ключевые слова | Естественная история |
| a | Ключевые слова | Естествознание | ||
| a | Ключевые слова | Животные | ||
| a | Ключевые слова | Зоология | ||
| 700 | 1_ | a | Другие авторы | Лепехин Иван Иванович |
| c | Титул (звание) | путешественник, ботаник | ||
| d | Дата | 1740-1802 | ||
| e | Роль лиц | пер. | ||
| 700 | 1_ | a | Другие авторы | Севастьянов Александр Федорович |
| e | Роль лиц | изд. | ||
| c | Титул (звание) | акад. | ||
| 852 | 41 | x | Примечание, не предназначенное для пользователя | СК 18 в. - Т. 1, 810 |
| x | Примечание, не предназначенное для пользователя | В НБ нет ч. 2-6 | ||
| 852 | 41 | x | Примечание, не предназначенное для пользователя | Твер. духов. семинария? (инв. № 1016857) |
| 901 | t | Тип документа | m | |
| 920 | a | Оператор | Феок | |
| a | Оператор | Семен | ||
| a | Оператор | Конд | ||
| a | Оператор | Густ | ||
| a | Оператор | Стро | ||
| 930 | a | Новая/Ретро | новая | |
| a | Новая/Ретро | ретро | ||
| 952 | c | Вид литературы | К рн | |
| 954 | a | Дата поступления на обработку | 20151117 | |
| b | Дата поступления в ОК | 20141013 | ||
| c | Дата окончания ОНО | 20151211 | ||
| 999 | a | Подразделение 2 | ОРК |